[Event "CAN-op"]
[Site "Sackville CAN"]
[Date "2001.07.15"]
[Round "10"]
[White "Deveau, Justin"]
[Black "Wong, Wylon"]
[Result "0-1"]
[WhiteElo "1553"]
[BlackElo "1719"]
[PlyCount "106"]
[GameId "2160767911564361"]
[EventDate "2001.07.07"]
[EventType "swiss"]
[EventRounds "10"]
[EventCountry "CAN"]
[SourceTitle "EXT 2006"]
[Source "ChessBase"]
[SourceDate "2005.11.24"]
[SourceVersion "1"]
[SourceVersionDate "2005.11.24"]
[SourceQuality "1"]

1. e4 d6 2. d4 Nf6 3. Nc3 c6 4. g3 g6 5. Bg2 Bg7 6. Nge2 O-O 7. h3 e5 8. Be3 Nbd7 9. Qd2 b6 10. O-O-O Bb7 11. g4 Rc8 12. g5 Ne8 13. h4 f5 14. f3 f4 15. Bf2 Qe7 16. Bh3 exd4 17. Bxd4 Bxd4 18. Nxd4 Ng7 19. Nde2 Rcd8 20. Qxd6 Qxd6 21. Rxd6 Ne5 22. Rxd8 Rxd8 23. Bg2 Ne6 24. Rd1 Rxd1+ 25. Nxd1 Ba6 26. Bh3 Bxe2 27. Bxe6+ Kf8 28. Bg4 Bxf3 29. Bxf3 Nxf3 30. Nf2 Nxh4 31. Kd1 Nf3 32. Nh3 Ke7 33. Ke2 Nd4+ 34. Kd3 Ne6 35. Ke2 Kd6 36. b4 Ke5 37. Kd3 c5 38. bxc5 Nxc5+ 39. Kc4 a6 40. Kc3 Nxe4+ 41. Kd3 f3 42. Ke3 f2 43. Nxf2 Nxf2 44. Kxf2 Kf5 45. Kf3 Kxg5 46. Kg3 h5 47. c4 h4+ 48. Kh3 Kf4 49. a4 g5 50. a5 bxa5 51. c5 Ke5 52. c6 Kd6 53. Kg4 Kxc6 0-1

[Event "CAN-op"]
[Site "Sackville CAN"]
[Date "2001.07.15"]
[Round "10"]
[White "Erickson, John"]
[Black "Day, Christopher"]
[Result "1/2-1/2"]
[WhiteElo "1807"]
[BlackElo "1696"]
[PlyCount "118"]
[GameId "2160767911564362"]
[EventDate "2001.07.07"]
[EventType "swiss"]
[EventRounds "10"]
[EventCountry "CAN"]
[SourceTitle "EXT 2006"]
[Source "ChessBase"]
[SourceDate "2005.11.24"]
[SourceVersion "1"]
[SourceVersionDate "2005.11.24"]
[SourceQuality "1"]

1. d4 Nf6 2. Bg5 e6 3. Nf3 Be7 4. g3 b6 5. Bg2 Bb7 6. O-O d5 7. Nbd2 Nbd7 8. c4 h6 9. Bxf6 Nxf6 10. e3 O-O 11. Rc1 dxc4 12. Nxc4 c5 13. Nce5 Rc8 14. a3 cxd4 15. Qxd4 Qxd4 16. Nxd4 Bxg2 17. Kxg2 a6 18. Rxc8 Rxc8 19. Nec6 Bd6 20. Rc1 Kf8 21. b4 b5 22. Rc2 Ke8 23. f3 e5 24. Na5 Rxc2+ 25. Nxc2 Kd7 26. e4 Bc7 27. Nb3 Bb6 28. Ne1 Kd6 29. Nd3 Nd7 30. Kf1 h5 31. Ke2 g6 32. Nf2 Nb8 33. Nd3 Nd7 34. h3 f6 35. Nd2 Ba7 36. f4 Bb6 37. Nf3 a5 38. Nh4 Nf8 39. bxa5 Bxa5 40. f5 g5 41. Ng6 Nd7 42. Nb4 Nc5 43. Ke3 Bxb4 44. axb4 Na6 45. h4 g4 46. Nf8 Nc7 47. Kd3 Ke7 48. Ng6+ Kf7 49. Kc3 Na6 50. Kb3 Nb8 51. Nh8+ Ke8 52. Kc3 Nc6 53. Ng6 Kf7 54. Nh8+ Kg8 55. Ng6 Kg7 56. Kb2 Nd4 57. Ne7 Ne2 58. Kc2 Nxg3 59. Kd3 Nf1 1/2-1/2

[Event "CAN-op"]
[Site "Sackville CAN"]
[Date "2001.07.15"]
[Round "10"]
[White "Faust, Steven"]
[Black "Predescu, Sebastian"]
[Result "0-1"]
[WhiteElo "1839"]
[BlackElo "2025"]
[PlyCount "132"]
[GameId "2160767911564363"]
[EventDate "2001.07.07"]
[EventType "swiss"]
[EventRounds "10"]
[EventCountry "CAN"]
[SourceTitle "EXT 2006"]
[Source "ChessBase"]
[SourceDate "2005.11.24"]
[SourceVersion "1"]
[SourceVersionDate "2005.11.24"]
[SourceQuality "1"]

1. c4 c6 2. Nf3 d5 3. e3 Nf6 4. Nc3 e6 5. b3 Bd6 6. d4 Nbd7 7. Be2 O-O 8. O-O Ne4 9. Nxe4 dxe4 10. Nd2 f5 11. g3 e5 12. Bb2 Qg5 13. Kg2 exd4 14. Bxd4 Nf6 15. f4 Qg6 16. c5 Bc7 17. Nc4 Nd5 18. Kf2 Rd8 19. Qc1 Be6 20. a3 Qe8 21. Qc2 b5 22. cxb6 axb6 23. Be5 Bxe5 24. Nxe5 Rac8 25. b4 Nf6 26. Rad1 Bd5 27. Rd2 b5 28. Rfd1 Nd7 29. Nxd7 Rxd7 30. Kg2 Ra7 31. Ra1 Qf8 32. Qb2 Rb8 33. Qd4 Raa8 34. Rc2 g6 35. Rc5 Qg7 36. Qxg7+ Kxg7 37. Kf2 Kf7 38. Ke1 Ra4 39. Bd1 Ra6 40. Rc3 Ra7 41. h4 h6 42. Kf2 Ke6 43. Ke2 Rd8 44. Bb3 Bxb3 45. Rxb3 Rad7 46. Rc1 Rd2+ 47. Kf1 R8d6 48. Rbc3 Kd7 49. Kg1 R2d3 50. Kf1 R3d5 51. Kg1 Rd1+ 52. Rxd1 Rxd1+ 53. Kf2 Rd2+ 54. Kf1 Kd6 55. Ke1 Rg2 56. Rc5 Rxg3 57. Kf2 Rh3 58. Re5 Kd7 59. a4 bxa4 60. Ra5 Rh2+ 61. Ke1 Rh1+ 62. Kf2 Ra1 63. Ra7+ Kd6 64. Rg7 a3 65. Rxg6+ Kd5 66. Rxh6 a2 0-1

[Event "CAN-op"]
[Site "Sackville CAN"]
[Date "2001.07.15"]
[Round "10"]
[White "Godin, Robert"]
[Black "White, Chris"]
[Result "1-0"]
[WhiteElo "1343"]
[BlackElo "1479"]
[PlyCount "89"]
[GameId "2160767911564364"]
[EventDate "2001.07.07"]
[EventType "swiss"]
[EventRounds "10"]
[EventCountry "CAN"]
[SourceTitle "EXT 2006"]
[Source "ChessBase"]
[SourceDate "2005.11.24"]
[SourceVersion "1"]
[SourceVersionDate "2005.11.24"]
[SourceQuality "1"]

1. e4 e5 2. Nf3 Nc6 3. Bc4 Bc5 4. b4 Bxb4 5. c3 Bc5 6. d4 exd4 7. cxd4 Bb4+ 8. Bd2 Bxd2+ 9. Qxd2 Qe7 10. Nc3 Nh6 11. O-O O-O 12. Rfe1 d6 13. Nd5 Qd8 14. h3 Be6 15. g4 Nxg4 16. hxg4 Bxg4 17. Nh2 Bh5 18. Rad1 Bxd1 19. Rxd1 Ne7 20. Nc3 Ng6 21. Ne2 Re8 22. f3 a6 23. a4 Qd7 24. Rb1 Qxa4 25. Rb4 Qa5 26. Qb2 Qg5+ 27. Ng4 b5 28. Bd5 Rab8 29. Qa2 Re7 30. Qxa6 h5 31. Rxb5 Rf8 32. Bxf7+ Rexf7 33. Rxg5 hxg4 34. Rxg4 Rxf3 35. Rxg6 Rf1+ 36. Kh2 R8f2+ 37. Rg2 Rf6 38. Qc8+ Kh7 39. Qg4 g5 40. Ng1 R1f4 41. Qd7+ Kh8 42. Nh3 Rf7 43. Qd8+ Rf8 44. Qxg5 R4f7 45. Qh6+ 1-0

[Event "CAN-op"]
[Site "Sackville CAN"]
[Date "2001.07.15"]
[Round "10"]
[White "Grant, Hector"]
[Black "Cooke, Mathew G"]
[Result "0-1"]
[WhiteElo "1535"]
[BlackElo "1708"]
[PlyCount "74"]
[GameId "2160767911564366"]
[EventDate "2001.07.07"]
[EventType "swiss"]
[EventRounds "10"]
[EventCountry "CAN"]
[SourceTitle "EXT 2006"]
[Source "ChessBase"]
[SourceDate "2005.11.24"]
[SourceVersion "1"]
[SourceVersionDate "2005.11.24"]
[SourceQuality "1"]

1. Nf3 d5 2. g3 Nf6 3. Bg2 c6 4. d3 Bg4 5. Nbd2 Nbd7 6. O-O e5 7. Re1 Bc5 8. c3 Qb6 9. Rf1 h5 10. h4 Qc7 11. b4 Bb6 12. Kh2 Bxf3 13. Bxf3 Ng4+ 14. Bxg4 hxg4 15. e4 Nf6 16. Qe2 g5 17. Kg2 gxh4 18. Rh1 h3+ 19. Kh2 O-O-O 20. Nb3 Qd7 21. Bg5 Qe6 22. d4 Rh5 23. Bxf6 Qxf6 24. Qxg4+ Kb8 25. Rhf1 Rhh8 26. Nc5 Bxc5 27. bxc5 exd4 28. cxd4 Qxd4 29. Rab1 Qxe4 30. Qxe4 dxe4 31. Rfe1 Rd2 32. Rf1 e3 33. Rbe1 e2 34. Rg1 Rxa2 35. f4 Rd2 36. g4 a5 37. Ra1 e1=Q+ 0-1

[Event "CAN-op"]
[Site "Sackville CAN"]
[Date "2001.07.15"]
[Round "10"]
[White "Hensel, George"]
[Black "Palak, Andrzej"]
[Result "1-0"]
[WhiteElo "1709"]
[BlackElo "1357"]
[PlyCount "103"]
[GameId "2160767911564368"]
[EventDate "2001.07.07"]
[EventType "swiss"]
[EventRounds "10"]
[EventCountry "CAN"]
[SourceTitle "EXT 2006"]
[Source "ChessBase"]
[SourceDate "2005.11.24"]
[SourceVersion "1"]
[SourceVersionDate "2005.11.24"]
[SourceQuality "1"]

1. e4 e5 2. Nc3 Nf6 3. Nf3 d6 4. Bc4 Be7 5. h3 h6 6. d4 Nc6 7. a3 exd4 8. Nxd4 Ne5 9. Ba2 O-O 10. f4 Ng6 11. g3 c6 12. Be3 d5 13. e5 Ne4 14. Nxe4 dxe4 15. f5 Nxe5 16. f6 Bxf6 17. Qh5 Bg5 18. Bf2 g6 19. Qe2 Qe8 20. Kd1 c5 21. Nb5 Qd7+ 22. Ke1 Nf3+ 23. Kf1 b6 24. Nc3 Bb7 25. Rd1 Qf5 26. Nd5 a5 27. Nxb6 Ba6 28. c4 Rad8 29. Nd5 Rfe8 30. Kg2 Rxd5 31. Rxd5 Qxd5 32. cxd5 Bxe2 33. Bxc5 Rc8 34. b4 axb4 35. axb4 Bb5 36. h4 Bd2 37. Bb1 Bd3 38. Bxd3 Ne1+ 39. Rxe1 Bxe1 40. Bxe4 h5 41. d6 Bc3 42. d7 Rd8 43. Bc6 Bf6 44. Bd6 Kg7 45. b5 Rg8 46. b6 Bd4 47. b7 Ba7 48. Bc7 Bb8 49. d8=Q Rxd8 50. Bxd8 f6 51. Bb6 Kf7 52. Be3 1-0

[Event "CAN-op"]
[Site "Sackville CAN"]
[Date "2001.07.15"]
[Round "10"]
[White "Johnson, Kyle"]
[Black "Smith, Andrew I"]
[Result "0-1"]
[WhiteElo "1745"]
[BlackElo "1922"]
[PlyCount "122"]
[GameId "2160767911564370"]
[EventDate "2001.07.07"]
[EventType "swiss"]
[EventRounds "10"]
[EventCountry "CAN"]
[SourceTitle "EXT 2006"]
[Source "ChessBase"]
[SourceDate "2005.11.24"]
[SourceVersion "1"]
[SourceVersionDate "2005.11.24"]
[SourceQuality "1"]

1. d4 Nf6 2. Nf3 g6 3. Bf4 Bg7 4. Nbd2 d5 5. h3 b6 6. e3 O-O 7. Bd3 Bb7 8. c3 c5 9. Qe2 Nc6 10. O-O Re8 11. Bb5 a6 12. Bxc6 Bxc6 13. Ne5 Bb7 14. Rfd1 Nd7 15. Ndf3 f6 16. Nxd7 Qxd7 17. dxc5 e5 18. Bh2 bxc5 19. e4 d4 20. Qc4+ Qe6 21. Qxc5 Bf8 22. Qa5 dxc3 23. Qxc3 Bxe4 24. a3 Bh6 25. Re1 Rac8 26. Qa5 Qc6 27. Rxe4 Qxe4 28. Qxa6 Rc6 29. Qb5 Rec8 30. Bg3 Bf4 31. Bxf4 Qxf4 32. Qd5+ Kg7 33. g3 Rc1+ 34. Rxc1 Qxc1+ 35. Kg2 Qc6 36. Qb3 Rd8 37. Qe3 Qd5 38. b4 Qd3 39. Qa7+ Rd7 40. Qa5 Qd5 41. Qxd5 Rxd5 42. a4 e4 43. Ne1 Rd4 44. Nc2 Rc4 45. Ne3 Rxb4 46. g4 Rxa4 47. Kg3 Ra2 48. h4 Kf7 49. h5 Ke6 50. h6 Ra3 51. Kf4 Rxe3 52. fxe3 Kd5 53. g5 f5 54. Kg3 Kc4 55. Kf4 Kd3 56. Ke5 Kxe3 57. Kf6 Kf4 58. Kg7 Kxg5 59. Kxh7 e3 60. Kg7 e2 61. h7 e1=Q 0-1

[Event "CAN-op"]
[Site "Sackville CAN"]
[Date "2001.07.15"]
[Round "10"]
[White "Keep, Richard"]
[Black "Smith, Maurice"]
[Result "1-0"]
[WhiteElo "1818"]
[BlackElo "1678"]
[PlyCount "141"]
[GameId "2160767911564371"]
[EventDate "2001.07.07"]
[EventType "swiss"]
[EventRounds "10"]
[EventCountry "CAN"]
[SourceTitle "EXT 2006"]
[Source "ChessBase"]
[SourceDate "2005.11.24"]
[SourceVersion "1"]
[SourceVersionDate "2005.11.24"]
[SourceQuality "1"]

1. d4 Nf6 2. Bf4 d5 3. e3 Bg4 4. f3 Bf5 5. Bd3 Bxd3 6. Qxd3 e6 7. Nd2 Be7 8. Ne2 O-O 9. g4 c5 10. c3 cxd4 11. exd4 Nfd7 12. Bg3 Nc6 13. f4 Nf6 14. g5 Nh5 15. O-O-O Rc8 16. Kb1 Na5 17. Qf3 Nxg3 18. hxg3 g6 19. Rh2 Kg7 20. Rdh1 Rh8 21. g4 h5 22. gxh6+ Kh7 23. Ng3 Nc4 24. Nxc4 Rxc4 25. Qe3 Bd6 26. Rf2 Qb6 27. Qd3 Rhc8 28. Ne2 Ba3 29. Qc2 Bb4 30. Rh3 Bd6 31. f5 exf5 32. gxf5 Rf8 33. fxg6+ fxg6 34. Rxf8 Bxf8 35. Nf4 Qf6 36. Rf3 Bxh6 37. Qh2 Qf5+ 38. Ka1 Qe4 39. Rf1 Kg7 40. a3 Rc6 41. Qg3 Bxf4 42. Rxf4 Qe6 43. Rf1 Qe7 44. Qg2 Qe6 45. Qh2 g5 46. Rh1 Qg8 47. Qe5+ Kg6 48. Qxg5+ Kxg5 49. Rg1+ Kf6 50. Rxg8 Ke6 51. Ka2 Rc7 52. Kb3 a6 53. Kc2 Kf7 54. Rh8 Ke6 55. Kd3 Rf7 56. b4 Rf3+ 57. Kc2 Rf7 58. a4 Rc7 59. Rf8 Rg7 60. Rf3 Rc7 61. Re3+ Kd6 62. Kd3 Kd7 63. Rh3 Kd6 64. Rh6+ Kd7 65. Rh7+ Kd6 66. Rxc7 Kxc7 67. c4 Kd6 68. c5+ Kc6 69. Ke3 Kd7 70. Kf4 Kc6 71. Ke5 1-0

[Event "CAN-op"]
[Site "Sackville CAN"]
[Date "2001.07.15"]
[Round "10"]
[White "Kenney, Jason"]
[Black "Poitras, Luc"]
[Result "0-1"]
[WhiteElo "2033"]
[BlackElo "2200"]
[PlyCount "88"]
[GameId "2160767911564372"]
[EventDate "2001.07.07"]
[EventType "swiss"]
[EventRounds "10"]
[EventCountry "CAN"]
[SourceTitle "EXT 2006"]
[Source "ChessBase"]
[SourceDate "2005.11.24"]
[SourceVersion "1"]
[SourceVersionDate "2005.11.24"]
[SourceQuality "1"]

1. d4 Nf6 2. c4 e6 3. Nc3 Bb4 4. e3 O-O 5. Bd3 d5 6. Nge2 c5 7. a3 Bxc3+ 8. bxc3 dxc4 9. Bxc4 Qc7 10. Ba2 b6 11. O-O Ba6 12. Re1 Rd8 13. Bb2 Nc6 14. Rc1 c4 15. f4 Na5 16. Ng3 Bb7 17. Qc2 h5 18. Qe2 g6 19. Bb1 h4 20. Nh1 h3 21. g3 Kg7 22. e4 Rh8 23. Nf2 b5 24. Rf1 Rae8 25. Rce1 Bc6 26. Qf3 Nb3 27. Re2 Qb7 28. g4 Rh4 29. Qg3 Reh8 30. Rfe1 Qc7 31. a4 bxa4 32. Ba3 R4h7 33. e5 Nd5 34. Ne4 Qd8 35. Ng5 Rh4 36. Rf2 Nxc3 37. Qxc3 Rxg4+ 38. Kf1 Bg2+ 39. Ke2 Nxd4+ 40. Ke3 Nb5 41. Qb2 Qb6+ 42. Ke2 c3 43. Qb4 Rd8 44. Ne4 Nd4+ 0-1

[Event "CAN-op"]
[Site "Sackville CAN"]
[Date "2001.07.15"]
[Round "10"]
[White "Kleist, Carol"]
[Black "Bradley, Patrick"]
[Result "1-0"]
[WhiteElo "1615"]
[BlackElo "1305"]
[PlyCount "79"]
[GameId "2160767911564373"]
[EventDate "2001.07.07"]
[EventType "swiss"]
[EventRounds "10"]
[EventCountry "CAN"]
[SourceTitle "EXT 2006"]
[Source "ChessBase"]
[SourceDate "2005.11.24"]
[SourceVersion "1"]
[SourceVersionDate "2005.11.24"]
[SourceQuality "1"]

1. d4 f5 2. g3 e6 3. Bg2 Nf6 4. Nf3 d5 5. O-O Bd6 6. Nbd2 O-O 7. c4 c6 8. cxd5 cxd5 9. Nb3 Qe8 10. Bd2 h6 11. Nc1 g5 12. Nd3 Ne4 13. Nfe5 Nxd2 14. Qxd2 Nc6 15. e3 Ne7 16. f4 g4 17. Rfc1 Kg7 18. Rc2 Nc6 19. a3 Nxe5 20. Nxe5 Bxe5 21. dxe5 Rf7 22. Rac1 Qd8 23. Rc3 Rd7 24. Qc2 Rb8 25. Rxc8 Qxc8 26. Qxc8 Rxc8 27. Rxc8 b6 28. Bf1 d4 29. exd4 Rxd4 30. Rc7+ Kg6 31. Re7 Rd8 32. Rxe6+ Kh5 33. Rd6 Rg8 34. e6 Rg6 35. Bc4 a6 36. Rd7 b5 37. Bd5 a5 38. e7 b4 39. Bf7 b3 40. Bxg6+ 1-0

[Event "CAN-op"]
[Site "Sackville CAN"]
[Date "2001.07.15"]
[Round "10"]
[White "Kleist, Frederick"]
[Black "Gaspariants, Vladimir"]
[Result "0-1"]
[WhiteElo "2170"]
[BlackElo "2305"]
[PlyCount "66"]
[GameId "2160767911564374"]
[EventDate "2001.07.07"]
[EventType "swiss"]
[EventRounds "10"]
[EventCountry "CAN"]

1. d4 Nf6 2. c4 d6 3. Nc3 Nbd7 4. e4 e5 5. Nf3 g6 6. Be2 Bg7 7. Be3 O-O 8. d5 Ng4 9. Bg5 f6 10. Bc1 f5 11. Ng5 Nc5 12. exf5 Nxf2 13. Kxf2 Rxf5+ 14. Kg1 Rxg5 15. Bxg5 Qxg5 16. Qc1 Qe7 17. h3 h5 18. g4 h4 19. Qe3 e4 20. Kg2 a5 21. Rhf1 Bd7 22. Rae1 Re8 23. Bd1 c6 24. Bc2 b5 25. cxb5 cxd5 26. Nxd5 Qe5 27. Nf4 Kh7 28. Rf2 Bxb5 29. Kh1 Bc6 30. b3 Nd7 31. Ng2 Re7 32. Rg1 Bh6 33. Qe2 e3 0-1

[Event "CAN-op"]
[Site "Sackville CAN"]
[Date "2001.07.15"]
[Round "10"]
[White "Livingstone, James"]
[Black "Davidson, Brian"]
[Result "0-1"]
[WhiteElo "1609"]
[BlackElo "1806"]
[PlyCount "34"]
[GameId "2160767911564375"]
[EventDate "2001.07.07"]
[EventType "swiss"]
[EventRounds "10"]
[EventCountry "CAN"]
[SourceTitle "EXT 2006"]
[Source "ChessBase"]
[SourceDate "2005.11.24"]
[SourceVersion "1"]
[SourceVersionDate "2005.11.24"]
[SourceQuality "1"]

1. d4 Nf6 2. Nf3 b6 3. Bg5 e6 4. e3 Be7 5. Bd3 Bb7 6. Nbd2 O-O 7. O-O d6 8. c3 Nbd7 9. e4 e5 10. Qe2 Re8 11. d5 Nxd5 12. Bxe7 Nxe7 13. Ng5 Ng6 14. Ndf3 Nf4 15. Qc2 Nxd3 16. Qxd3 h6 17. Nh3 Nc5 0-1

[Event "CAN-op"]
[Site "Sackville CAN"]
[Date "2001.07.15"]
[Round "10"]
[White "MacFie, Bob"]
[Black "Campbell, Jamie"]
[Result "1-0"]
[WhiteElo "1657"]
[BlackElo "1549"]
[PlyCount "57"]
[GameId "2160767911564376"]
[EventDate "2001.07.07"]
[EventType "swiss"]
[EventRounds "10"]
[EventCountry "CAN"]
[SourceTitle "EXT 2006"]
[Source "ChessBase"]
[SourceDate "2005.11.24"]
[SourceVersion "1"]
[SourceVersionDate "2005.11.24"]
[SourceQuality "1"]

1. f4 d5 2. Nf3 Nf6 3. e3 g6 4. b3 Bg7 5. Bb2 O-O 6. Be2 c5 7. O-O Nc6 8. Ne5 Bd7 9. Bf3 e6 10. Ba3 Nb4 11. d4 Qc7 12. c3 Na6 13. Be2 Rfc8 14. Bxa6 bxa6 15. Bxc5 Ne4 16. Nxd7 Qxd7 17. b4 a5 18. Qd3 axb4 19. cxb4 a5 20. Nd2 Nxc5 21. bxc5 Rcb8 22. Qc2 Rb7 23. c6 Rc7 24. cxd7 Rxc2 25. Rfc1 Rc4 26. Nxc4 dxc4 27. Rxc4 Rd8 28. Rc8 Bf6 29. Rb1 1-0

[Event "CAN-op"]
[Site "Sackville CAN"]
[Date "2001.07.15"]
[Round "10"]
[White "Maund, Chris"]
[Black "Piggott, Scott"]
[Result "0-1"]
[WhiteElo "1290"]
[BlackElo "1469"]
[PlyCount "52"]
[GameId "2160767911564377"]
[EventDate "2001.07.07"]
[EventType "swiss"]
[EventRounds "10"]
[EventCountry "CAN"]
[SourceTitle "EXT 2006"]
[Source "ChessBase"]
[SourceDate "2005.11.24"]
[SourceVersion "1"]
[SourceVersionDate "2005.11.24"]
[SourceQuality "1"]

1. e4 e5 2. Nf3 Nc6 3. Bc4 Nf6 4. d4 exd4 5. O-O Nxe4 6. Re1 d5 7. Bxd5 Qxd5 8. Nc3 Qd8 9. Nxe4 Be7 10. Bg5 f6 11. Bh4 Qd5 12. Bxf6 Bf5 13. Nc3 Qf7 14. Bxe7 Nxe7 15. Qe2 dxc3 16. Qb5+ Bd7 17. Qxb7 O-O 18. b3 Nd5 19. Qa6 Nb4 20. Qc4 Qxc4 21. bxc4 Nxc2 22. Rac1 Nxe1 23. Nxe1 Rfe8 24. Kf1 Re4 25. Rxc3 Rae8 26. Rc2 Rxe1# 0-1

[Event "CAN-op"]
[Site "Sackville CAN"]
[Date "2001.07.15"]
[Round "10"]
[White "Mazzarelli, Ariel"]
[Black "MacDonald, Jonathan"]
[Result "1-0"]
[WhiteElo "1997"]
[BlackElo "2150"]
[PlyCount "137"]
[GameId "2160767911564378"]
[EventDate "2001.07.07"]
[EventType "swiss"]
[EventRounds "10"]
[EventCountry "CAN"]
[SourceTitle "EXT 2006"]
[Source "ChessBase"]
[SourceDate "2005.11.24"]
[SourceVersion "1"]
[SourceVersionDate "2005.11.24"]
[SourceQuality "1"]

1. e4 c5 2. Nf3 e6 3. d4 cxd4 4. Nxd4 a6 5. Nc3 Qc7 6. Be2 Nf6 7. O-O b5 8. a3 Bb7 9. Bf3 Nc6 10. g3 Bc5 11. Nb3 Ba7 12. Bf4 Ne5 13. Bg2 d6 14. Nd4 Qc4 15. Nf3 Rd8 16. Nd2 Qc7 17. Qe2 Bd4 18. Ndb1 Nc4 19. Qd3 Bb6 20. Nd2 Nxb2 21. Nxb5 Nxd3 22. Nxc7+ Bxc7 23. cxd3 e5 24. Rab1 Bc6 25. Be3 Bb5 26. Rfc1 Ba5 27. Nb3 Bxd3 28. Nxa5 Bxb1 29. Rxb1 O-O 30. Nc6 Rd7 31. Nb8 Rc7 32. Nxa6 Rc3 33. Bc1 Rfc8 34. Bb2 R3c4 35. f3 d5 36. Nb4 dxe4 37. fxe4 Nxe4 38. Re1 f5 39. Bf1 R4c5 40. Bh3 Ng5 41. Bxf5 Rd8 42. Bg4 Rc4 43. Be2 Re4 44. Bc3 Rf8 45. Kg2 Kh8 46. Bb5 Rxe1 47. Bxe1 e4 48. Bf2 Rf3 49. a4 Ra3 50. Nd5 Nf3 51. h3 Ne5 52. g4 Nd3 53. Bd4 Ne1+ 54. Kf1 Nf3 55. Bc5 Ra2 56. Bb4 Ng5 57. h4 Nf3 58. h5 Nh2+ 59. Ke1 Nxg4 60. a5 Ne5 61. a6 Nf3+ 62. Kd1 Nd4 63. Bc4 Ra4 64. Kd2 e3+ 65. Kd3 Nc6 66. Bc3 e2 67. h6 e1=Q 68. hxg7+ Kg8 69. Ne7# 1-0

[Event "CAN-op"]
[Site "Sackville CAN"]
[Date "2001.07.15"]
[Round "10"]
[White "McCusky, Louis"]
[Black "Tremblay, Roger"]
[Result "1/2-1/2"]
[WhiteElo "1547"]
[BlackElo "1401"]
[PlyCount "166"]
[GameId "2160767911564379"]
[EventDate "2001.07.07"]
[EventType "swiss"]
[EventRounds "10"]
[EventCountry "CAN"]
[SourceTitle "EXT 2006"]
[Source "ChessBase"]
[SourceDate "2005.11.24"]
[SourceVersion "1"]
[SourceVersionDate "2005.11.24"]
[SourceQuality "1"]

1. Nf3 c5 2. g3 d6 3. Bg2 Nf6 4. O-O e6 5. d3 Be7 6. Nbd2 O-O 7. Re1 Qc7 8. e4 Nc6 9. Nf1 e5 10. Bg5 Bg4 11. Ne3 h6 12. Bxf6 Bxf3 13. Bxf3 Bxf6 14. Bg2 Bg5 15. Nf5 g6 16. h4 gxf5 17. hxg5 hxg5 18. exf5 f6 19. Bd5+ Kg7 20. Kg2 Rh8 21. Qg4 Kf8 22. Rh1 Ke7 23. Rh5 Rxh5 24. Qxh5 Rf8 25. Rh1 Kd8 26. a3 Nd4 27. c3 Nxf5 28. Be6 Ng7 29. Qg4 Qc6+ 30. Kg1 Nxe6 31. Qxe6 Qd7 32. Qd5 Ke8 33. Rh6 Kd8 34. Qh1 Kc8 35. Rh7 Qc6 36. Qxc6+ bxc6 37. Rxa7 Kb8 38. Rh7 f5 39. c4 f4 40. g4 d5 41. f3 Rd8 42. Rh5 Rg8 43. Rh7 dxc4 44. dxc4 Rd8 45. Rg7 Rd4 46. Rxg5 e4 47. Rxc5 Rd1+ 48. Kg2 Rd2+ 49. Kh3 exf3 50. Rf5 Rd4 51. g5 Rxc4 52. g6 Rc1 53. Rxf4 Rg1 54. Rxf3 Rxg6 55. b4 Kb7 56. Rf5 Rd6 57. Ra5 Kb6 58. Kg4 Rd7 59. Rc5 Ra7 60. a4 Rxa4 61. Kf3 Rxb4 62. Rc1 Rd4 63. Ke3 Rd8 64. Rb1+ Kc7 65. Ke4 c5 66. Rc1 Kc6 67. Ke3 Rd4 68. Ke2 c4 69. Rd1 Kc5 70. Rxd4 Kxd4 71. Kd2 Ke4 72. Kc3 Kd5 73. Kc2 Kd4 74. Kd2 c3+ 75. Kc2 Kc4 76. Kc1 Kd3 77. Kd1 Ke3 78. Kc2 Kd4 79. Kc1 Kc4 80. Kc2 Kb4 81. Kc1 Kb3 82. Kb1 c2+ 83. Kc1 Kc3 1/2-1/2

[Event "CAN-op"]
[Site "Sackville CAN"]
[Date "2001.07.15"]
[Round "10"]
[White "Nunes, Garvin"]
[Black "Lawson, Jonathan"]
[Result "1/2-1/2"]
[WhiteElo "1794"]
[BlackElo "1528"]
[PlyCount "53"]
[GameId "2160767911564380"]
[EventDate "2001.07.07"]
[EventType "swiss"]
[EventRounds "10"]
[EventCountry "CAN"]
[SourceTitle "EXT 2006"]
[Source "ChessBase"]
[SourceDate "2005.11.24"]
[SourceVersion "1"]
[SourceVersionDate "2005.11.24"]
[SourceQuality "1"]

1. d4 Nf6 2. c4 g6 3. Nc3 Bg7 4. e4 d6 5. f3 O-O 6. Be3 Nbd7 7. Qd2 c6 8. Bh6 e5 9. d5 cxd5 10. Bxg7 Kxg7 11. Nxd5 Nxd5 12. Qxd5 Nb6 13. Qd2 Be6 14. b3 Qc7 15. Bd3 Qc5 16. Ne2 f5 17. exf5 Bxf5 18. Bxf5 Rxf5 19. Nc3 Qb4 20. Ne4 Qxd2+ 21. Kxd2 Rf7 22. Rhd1 Rd8 23. Ke2 Rfd7 24. Rac1 Nc8 25. Rd2 Ne7 26. Rcd1 Nf5 27. Nc3 1/2-1/2

[Event "CAN-op"]
[Site "Sackville CAN"]
[Date "2001.07.15"]
[Round "10"]
[White "Nuschke, Alex"]
[Black "Bernard, Gilbert"]
[Result "1-0"]
[WhiteElo "1632"]
[BlackElo "1789"]
[PlyCount "89"]
[GameId "2160767911564381"]
[EventDate "2001.07.07"]
[EventType "swiss"]
[EventRounds "10"]
[EventCountry "CAN"]
[SourceTitle "EXT 2006"]
[Source "ChessBase"]
[SourceDate "2005.11.24"]
[SourceVersion "1"]
[SourceVersionDate "2005.11.24"]
[SourceQuality "1"]

1. e4 d5 2. exd5 Nf6 3. d4 Nxd5 4. Nf3 g6 5. c4 Nf6 6. Nc3 Bg7 7. Be2 c6 8. O-O O-O 9. Bf4 Na6 10. Qd2 Nc7 11. Bh6 Re8 12. Bxg7 Kxg7 13. Ne5 e6 14. Rad1 Qe7 15. Qf4 Rd8 16. h4 h5 17. Qg5 Ng8 18. Qg3 Nf6 19. Qg5 Ng8 20. f4 Qxg5 21. fxg5 f5 22. gxf6+ Nxf6 23. Rxf6 Kxf6 24. Rf1+ Ke7 25. Nxg6+ Ke8 26. Rf8+ Kd7 27. Ne5+ Ke7 28. Rf7+ Ke8 29. Bxh5 Bd7 30. Rxd7+ Kf8 31. Rf7+ Kg8 32. Rxc7 Rxd4 33. Bf7+ Kg7 34. Bxe6+ Kf6 35. Nf3 Rd3 36. Bc8 b5 37. Ne4+ Kg6 38. Ne5+ Kh6 39. Rxc6+ Kg7 40. Nxd3 bxc4 41. Nf4 Kg8 42. Rg6+ Kh8 43. Nf6 Rxc8 44. N4h5 Rd8 45. Rh6# 1-0

[Event "CAN-op"]
[Site "Sackville CAN"]
[Date "2001.07.15"]
[Round "10"]
[White "O'Donnell, Tom"]
[Black "Golts, Roman"]
[Result "1-0"]
[WhiteElo "2357"]
[BlackElo "2195"]
[PlyCount "133"]
[GameId "2160767911564382"]
[EventDate "2001.07.07"]
[EventType "swiss"]
[EventRounds "10"]
[EventCountry "CAN"]
[SourceTitle "EXT 2002"]
[Source "ChessBase"]
[SourceDate "2001.11.25"]
[SourceVersion "1"]
[SourceVersionDate "2001.11.25"]
[SourceQuality "1"]

1. e4 e6 2. d4 d5 3. Nd2 c5 4. exd5 Qxd5 5. Ngf3 cxd4 6. Bc4 Qd6 7. O-O Nf6 8. Nb3 Nc6 9. Nbxd4 Nxd4 10. Nxd4 Bd7 11. b3 Be7 12. a4 Qc7 13. Bb2 O-O 14. Qe2 Bd6 15. h3 a6 16. Rad1 Rad8 17. Nf3 Bc6 18. Ne5 Bd5 19. Bd3 Nd7 20. Ng4 Bf4 21. c4 Bc6 22. Bb1 Rfe8 23. Qc2 f5 24. Qc3 Nc5 25. g3 fxg4 26. gxf4 gxh3 27. Qxh3 Be4 28. Bxe4 Nxe4 29. Rxd8 Qxd8 30. Qg2 Nf6 31. Qxb7 Nh5 32. Qg2 Qc7 33. Be5 Qf7 34. Qg4 Rd8 35. Rd1 Rxd1+ 36. Qxd1 Qg6+ 37. Kf1 h6 38. c5 Nf6 39. Qd8+ Kh7 40. Bxf6 Qb1+ 41. Kg2 Qe4+ 42. Kg1 gxf6 43. Qxf6 Qb1+ 44. Kh2 Qxb3 45. Qf7+ Kh8 46. f5 Qb8+ 47. Kg2 Qa8+ 48. f3 exf5 49. Qf6+ Kh7 50. Qxf5+ Kg7 51. Qe5+ Kf7 52. Qf5+ Kg7 53. Qg4+ Kf6 54. Qf4+ Kg7 55. Qe4 Qd8 56. Qe5+ Kh7 57. c6 Qg8+ 58. Kh2 Qa2+ 59. Kh3 Qd2 60. Qc7+ Kh8 61. Qe5+ Kh7 62. Kg4 Qg2+ 63. Kf4 Qh2+ 64. Ke4 Qc2+ 65. Kd5 Qd3+ 66. Ke6 Qc4+ 67. Qd5 1-0